Guerrilla marketing v realitnom podnikaní na Slovensku diplomová práca

Salvato in:
Dettagli Bibliografici
Autore principale: Kundľová, Alexandra
Ente Autore: Podnikovohospodárska fakulta EU so sídlom v Košiciach. Katedra marketingu a obchodu
Altri autori: Naščáková, Jana
Natura: Libro
Lingua:slovacco
Pubblicazione: Košice 2011
Tags: Aggiungi Tag
Nessun Tag, puoi essere il primo ad aggiungerne!!

MARC

LEADER 00000nbm a2200000 4500
001 0130505
005 20170315090418.5
041 0 |a slo 
044 |a SK 
245 1 0 |a Guerrilla marketing v realitnom podnikaní na Slovensku  |b diplomová práca  |c Alexandra Kundľová ; školiteľ: Jana Naščáková 
264 1 |a Košice  |c 2011 
300 |a 72 s. 
100 1 |a Kundľová, Alexandra 
700 1 |a Naščáková, Jana 
710 2 |a Podnikovohospodárska fakulta EU so sídlom v Košiciach. Katedra marketingu a obchodu